[Event "VII. Berecz memorial A 2019"]
[Site "?"]
[Date "2020.01.03"]
[Round "3.1"]
[White "Papp Z., Csaba"]
[Black "Szajbely, Zsigmond"]
[Result "1-0"]
[WhiteElo "2151"]
[BlackElo "2287"]
[PlyCount "75"]
[EventDate "2020.01.02"]

1. e4 c5 2. Nf3 d6 3. d4 cxd4 4. Nxd4 Nf6 5. Nc3 a6 6. Bg5 Nbd7 7. Be2 g6 8.
Qd2 Qb6 9. O-O-O Bg7 10. f3 h6 11. Be3 Qc7 12. h4 Ne5 13. g4 Be6 14. Nxe6 fxe6
15. g5 hxg5 16. hxg5 Nh5 17. Bd4 O-O 18. Qe3 Nf4 19. Bf1 Rf7 20. Ne2 Rc8 21.
Qb3 Nxf3 22. Nxf4 Nxd4 23. Rxd4 Bxd4 24. Nxe6 Qb6 25. Bd3 Qxb3 26. axb3 Rh7 27.
Rf1 Be5 28. Bc4 b5 29. Bd5 Rh2 30. c3 Kh8 31. Nf8 Bxc3 32. bxc3 Rxc3+ 33. Kb1
Rcc2 34. Rf7 Rb2+ 35. Kc1 Rbc2+ 36. Kd1 Ra2 37. Nxg6+ Kg8 38. Rxe7# 1-0

[Event "VII. Berecz memorial A 2019"]
[Site "?"]
[Date "2020.01.03"]
[Round "3.2"]
[White "Ress, Tamas"]
[Black "Papp, Bence"]
[Result "1/2-1/2"]
[WhiteElo "2242"]
[BlackElo "2140"]
[PlyCount "31"]
[EventDate "2020.01.02"]

1. Nf3 f5 2. d3 Nc6 3. e4 e5 4. Nc3 Nf6 5. d4 fxe4 6. Nxe5 d6 7. Nxc6 bxc6 8.
d5 cxd5 9. Nxd5 c6 10. Nxf6+ Qxf6 11. Be3 Be7 12. Be2 O-O 13. O-O Be6 14. f3
Qxb2 15. Bd4 Qa3 16. fxe4 1/2-1/2

[Event "VII. Berecz memorial A 2019"]
[Site "?"]
[Date "2020.01.03"]
[Round "3.3"]
[White "Marta, Dominik"]
[Black "Dobai, Szabolcs"]
[Result "1/2-1/2"]
[WhiteElo "2114"]
[BlackElo "2185"]
[PlyCount "65"]
[EventDate "2020.01.02"]

1. d4 g6 2. Nf3 Bg7 3. g3 d6 4. Bg2 c5 5. c3 Nd7 6. O-O Ngf6 7. a4 O-O 8. a5
Rb8 9. Nbd2 Qc7 10. e4 b5 11. axb6 axb6 12. Re1 e5 13. dxe5 Nxe5 14. Nxe5 dxe5
15. Nc4 Rd8 16. Qc2 b5 17. Nxe5 Nxe4 18. Qxe4 Bxe5 19. Ra7 Bf5 20. Rxc7 Bxe4
21. Ra7 Bxg2 22. Kxg2 Bf6 23. Bf4 Rbc8 24. Rb7 g5 25. Be3 b4 26. cxb4 cxb4 27.
Rxb4 Rb8 28. Rxb8 Rxb8 29. Re2 Rxb2 30. Rxb2 Bxb2 31. Bxg5 f5 32. Kf3 Kf7 33.
Be3 1/2-1/2

[Event "VII. Berecz memorial A 2019"]
[Site "?"]
[Date "2020.01.03"]
[Round "3.4"]
[White "Miszler, Levente"]
[Black "Balint, Richard"]
[Result "1-0"]
[WhiteElo "2180"]
[BlackElo "2041"]
[PlyCount "69"]
[EventDate "2020.01.02"]

1. Nf3 Nf6 2. c4 d6 3. g3 g6 4. Bg2 Bg7 5. O-O e5 6. d3 Nc6 7. Nc3 O-O 8. Rb1
a5 9. a3 d5 10. cxd5 Nxd5 11. Nxd5 Qxd5 12. Be3 Qb5 13. Qc2 Be6 14. Nd2 Nd4 15.
Bxd4 exd4 16. Qxc7 Rac8 17. Qxb7 Qxb7 18. Bxb7 Rb8 19. Bf3 Ba2 20. b4 Bxb1 21.
Rxb1 axb4 22. axb4 Rb5 23. Bc6 Rb6 24. b5 Rfb8 25. Kg2 Be5 26. f4 Bc7 27. Rc1
Rd8 28. Kf3 Rbb8 29. Nc4 f6 30. Rb1 Kg7 31. e4 dxe3 32. Kxe3 Bb6+ 33. Nxb6 Rxb6
34. d4 Kf7 35. d5 1-0

[Event "VII. Berecz memorial A 2019"]
[Site "?"]
[Date "2020.01.03"]
[Round "3.5"]
[White "Tatar Kis, Szabolcs"]
[Black "Tapodi, Norman Lajos"]
[Result "1/2-1/2"]
[WhiteElo "2372"]
[BlackElo "2033"]
[PlyCount "38"]
[EventDate "2020.01.02"]

1. e4 c5 2. Nf3 Nc6 3. d4 cxd4 4. Nxd4 e5 5. Nb5 d6 6. c4 Be7 7. N1c3 a6 8. Na3
f5 9. exf5 Bxf5 10. Bd3 Be6 11. Qh5+ Bf7 12. Qh3 Nf6 13. O-O Nd4 14. f4 Qd7 15.
Qxd7+ Nxd7 16. Be3 Nc5 17. Rad1 Bh5 18. Rd2 Nxd3 19. Rxd3 Be2 1/2-1/2

[Event "VII. Berecz memorial A 2019"]
[Site "?"]
[Date "2020.01.03"]
[Round "3.6"]
[White "Samu, Gabor Jr."]
[Black "Toth, Nikoletta"]
[Result "1-0"]
[WhiteElo "2311"]
[BlackElo "2003"]
[PlyCount "69"]
[EventDate "2020.01.02"]

1. d4 d5 2. c4 e6 3. Nc3 Be7 4. Nf3 Nf6 5. Bg5 Nbd7 6. e3 O-O 7. Qc2 b6 8. cxd5
exd5 9. Bd3 Bb7 10. O-O h6 11. Bf4 c5 12. h3 a6 13. a3 c4 14. Bf5 b5 15. Ne5
Nxe5 16. dxe5 Nd7 17. Rad1 Nc5 18. Qe2 Bg5 19. Bh2 Ra7 20. f4 Be7 21. Bc2 Re8
22. f5 Bf8 23. Rd4 Bc6 24. Rfd1 Rd7 25. Qg4 Qg5 26. Qf3 Red8 27. Bf4 Qe7 28.
Qg4 Ne4 29. Nxe4 dxe4 30. Rxd7 Rxd7 31. Rxd7 Qxd7 32. Bxh6 g6 33. e6 Qd6 34.
exf7+ Kxf7 35. fxg6+ 1-0

[Event "VII. Berecz memorial A 2019"]
[Site "?"]
[Date "2020.01.03"]
[Round "3.7"]
[White "Koszta, Benedek"]
[Black "Tubak, Daniel"]
[Result "1/2-1/2"]
[WhiteElo "2096"]
[BlackElo "2231"]
[PlyCount "70"]
[EventDate "2020.01.02"]

1. e4 g6 2. f4 Bg7 3. Nf3 d6 4. Bc4 a6 5. d3 b5 6. Bb3 e6 7. Nc3 c5 8. O-O Ne7
9. Qe1 Nbc6 10. f5 gxf5 11. Ng5 h6 12. Nxf7 Kxf7 13. exf5 d5 14. fxe6+ Kg8 15.
Qg3 Bxe6 16. Ne4 Rh7 17. Nf6+ Kh8 18. Nxh7 Kxh7 19. c3 Bf5 20. Bf4 Bg6 21. Rae1
Qd7 22. Bd1 Rf8 23. Bg4 Bf5 24. Bxf5+ Rxf5 25. Rf2 Ng6 26. Ref1 Nxf4 27. Rxf4
Rxf4 28. Qxf4 b4 29. Qf5+ Qxf5 30. Rxf5 bxc3 31. bxc3 Bxc3 32. Rxd5 Ne5 33. Kf1
Bd4 34. Ke2 a5 35. Rd6 Nf7 1/2-1/2

[Event "VII. Berecz memorial A 2019"]
[Site "?"]
[Date "2020.01.03"]
[Round "3.8"]
[White "Udvardi, Zalan"]
[Black "Jojart, Zsolt"]
[Result "1-0"]
[WhiteElo "2210"]
[BlackElo "1672"]
[PlyCount "69"]
[EventDate "2020.01.02"]

1. e4 e6 2. Qe2 Be7 3. g3 d5 4. e5 c5 5. d3 Nc6 6. c3 Qc7 7. f4 Nh6 8. Nf3 Nf5
9. Bg2 h5 10. Qf2 f6 11. exf6 Bxf6 12. Qxc5 b6 13. Qf2 Ba6 14. O-O Bxd3 15. Re1
O-O-O 16. Na3 Nd6 17. Rxe6 Bf5 18. Re1 Ne4 19. Qf1 h4 20. Qa6+ Kb8 21. Nb5 Qf7
22. Be3 Bc8 23. Qa4 hxg3 24. hxg3 Na5 25. f5 Bd7 26. Bf4+ Kb7 27. Rxe4 Bc6 28.
Re6 a6 29. Rxc6 axb5 30. Rxf6 gxf6 31. Qxb5 Qh7 32. Re1 Rd7 33. Re6 Nc4 34. b3
Qxf5 35. Qxd7+ 1-0

[Event "VII. Berecz memorial A 2019"]
[Site "?"]
[Date "2020.01.03"]
[Round "3.9"]
[White "Horvath, Zsolt"]
[Black "Matyassy, Lazar"]
[Result "1-0"]
[WhiteElo "2398"]
[BlackElo "1822"]
[PlyCount "79"]
[EventDate "2020.01.02"]

1. e4 c5 2. Nf3 g6 3. h4 h6 4. Nc3 Bg7 5. d4 cxd4 6. Nxd4 Nc6 7. Be3 Nf6 8. Be2
d6 9. Qd2 a6 10. O-O-O Ne5 11. f3 h5 12. Kb1 Bd7 13. Nd5 b5 14. Bg5 Nxd5 15.
exd5 Rc8 16. Rhe1 f6 17. Be3 Nc4 18. Bxc4 Rxc4 19. Qd3 f5 20. b3 Qb8 21. Qe2 f4
22. Bf2 Be5 23. bxc4 bxc4+ 24. Ka1 Qb4 25. c3 Qxc3+ 26. Qb2 Qa5 27. Rxe5 dxe5
28. Ne6 Bxe6 29. Qxe5 Rf8 30. Qb8+ Kf7 31. dxe6+ Kg8 32. Qb6 Qe5+ 33. Bd4 Qe2
34. Qb1 Qxe6 35. Re1 Qd6 36. Qe4 Rd8 37. Bc3 Qd3 38. Qe6+ Kf8 39. Qxe7+ Kg8 40.
Qg7# 1-0

[Event "VII. Berecz memorial A 2019"]
[Site "?"]
[Date "2020.01.03"]
[Round "3.10"]
[White "Csizmadia, Laszlo"]
[Black "Farkas, Sandor"]
[Result "1-0"]
[WhiteElo "2346"]
[BlackElo "1898"]
[PlyCount "83"]
[EventDate "2020.01.02"]

1. d4 e6 2. c4 Nf6 3. Nc3 c5 4. d5 exd5 5. cxd5 d6 6. e4 g6 7. Nf3 Bg7 8. Be2
O-O 9. O-O Re8 10. Nd2 Na6 11. Kh1 Nc7 12. a4 a6 13. f4 Rb8 14. a5 b5 15. axb6
Rxb6 16. e5 Nfxd5 17. Nxd5 Nxd5 18. Nc4 dxe5 19. Nxb6 Nxb6 20. Qxd8 Rxd8 21.
fxe5 Bxe5 22. Bxa6 Be6 23. Bg5 Rd4 24. Rad1 Kg7 25. Rde1 Ra4 26. Rxe5 Rxa6 27.
Bf6+ Kf8 28. Rxc5 Nd5 29. Be5 Ke7 30. Rd1 Ra7 31. Kg1 f6 32. Bg3 Rd7 33. Kf2 g5
34. Rd4 f5 35. Be5 Bf7 36. Rc6 Rb7 37. Rd2 Rd7 38. Bg7 Rb7 39. Bh6 g4 40. Bg5+
Ke8 41. Rd6 Rd7 42. Re2+ 1-0

[Event "VII. Berecz memorial A 2019"]
[Site "?"]
[Date "2020.01.03"]
[Round "3.11"]
[White "Varga, Gabor"]
[Black "Kopasz, Robert"]
[Result "0-1"]
[WhiteElo "1853"]
[BlackElo "2337"]
[PlyCount "98"]
[EventDate "2020.01.02"]

1. e4 g6 2. d4 Bg7 3. f4 c6 4. Nf3 d5 5. e5 Bg4 6. h3 Bxf3 7. Qxf3 e6 8. Bd3 h5
9. b3 Qb6 10. Be3 h4 11. O-O Nd7 12. Nd2 Bf8 13. c4 Ne7 14. c5 Qc7 15. Bf2 Nf5
16. Bxf5 gxf5 17. Qe3 Be7 18. Nf3 Nf8 19. Rad1 Ng6 20. Ng5 Bxg5 21. fxg5 Qe7
22. Qc1 Kf8 23. Be3 Kg7 24. Rf3 Rh5 25. g4 hxg3 26. Rxg3 Rah8 27. Kh2 Rh4 28.
Rf1 Re4 29. Qd2 Rhh4 30. Rgf3 Qd8 31. Bf2 Rh5 32. Be3 Qb8 33. Bf2 b6 34. b4
bxc5 35. bxc5 Qb5 36. Be3 Qc4 37. Rc1 Qa4 38. Rg1 Rh8 39. Bf2 Rb8 40. Rc1 Qa6
41. Rcc3 Rb1 42. Qd3 Qxd3 43. Rcxd3 Rb2 44. a3 Nh4 45. Kg3 Nxf3 46. Kxf3 Kg6
47. h4 a5 48. Rb3 a4 49. Rd3 Rb3 0-1

[Event "VII. Berecz memorial A 2019"]
[Site "?"]
[Date "2020.01.03"]
[Round "3.12"]
[White "Hajdu, Istvan"]
[Black "Fekete, Albert"]
[Result "0-1"]
[WhiteElo "1863"]
[BlackElo "2169"]
[PlyCount "126"]
[EventDate "2020.01.02"]

1. e4 d5 2. exd5 Nf6 3. d4 Nxd5 4. c4 Nb6 5. Nf3 g6 6. Nc3 Bg7 7. Be3 O-O 8. h3
c6 9. Be2 Be6 10. b3 h6 11. Qd2 Kh7 12. Ne4 Na6 13. Rd1 Nc8 14. O-O Bf5 15. Ng3
Nd6 16. Bd3 Bxd3 17. Qxd3 Qa5 18. Bd2 Qa3 19. Bc3 Rad8 20. Rfe1 e6 21. Re2 Ne8
22. Qc2 Nf6 23. Red2 Kg8 24. Bb2 Qa5 25. a3 Qc7 26. b4 Rfe8 27. Ne5 Nb8 28. Qb3
h5 29. Qe3 Qe7 30. Ne4 Nxe4 31. Qxe4 Nd7 32. Nxd7 Rxd7 33. Rd3 Red8 34. f4 Qf6
35. Bc3 Qf5 36. Qxf5 gxf5 37. Kf2 b5 38. c5 Bf6 39. g3 Ra8 40. Ra1 a6 41. a4
Rad8 42. h4 Kf8 43. Ke3 Ke7 44. a5 Rg8 45. Be1 Rdd8 46. Bf2 Rd5 47. Rad1 Rgd8
48. R1d2 Bg7 49. Rd1 f6 50. Be1 e5 51. dxe5 Rxd3+ 52. Rxd3 Rxd3+ 53. Kxd3 fxe5
54. fxe5 Bxe5 55. Bf2 Ke6 56. Be1 Kd5 57. Bf2 f4 58. gxf4 Bxf4 59. Bd4 Bg3 60.
Bf6 Be1 61. Bc3 Bxh4 62. Bd2 Bg3 63. Ke3 Kc4 0-1

[Event "VII. Berecz memorial A 2019"]
[Site "?"]
[Date "2020.01.03"]
[Round "3.13"]
[White "Nagy, Lajos"]
[Black "Papp, Balazs"]
[Result "1/2-1/2"]
[WhiteElo "1765"]
[BlackElo "2102"]
[PlyCount "87"]
[EventDate "2020.01.02"]

1. e4 d6 2. d4 Nf6 3. Nc3 g6 4. Be2 Bg7 5. Be3 a6 6. g4 b5 7. g5 Nfd7 8. f4 Bb7
9. Bf3 c5 10. dxc5 Nxc5 11. Bxc5 Bxc3+ 12. bxc3 dxc5 13. Qxd8+ Kxd8 14. e5 Nc6
15. Ne2 Kc7 16. O-O-O Rad8 17. h4 h5 18. Ng3 e6 19. Rd6 Rxd6 20. exd6+ Kxd6 21.
Ne4+ Kc7 22. Nxc5 Rd8 23. Rd1 Bc8 24. Rxd8 Nxd8 25. Kd2 Kb6 26. Nd3 Bb7 27.
Bxb7 Nxb7 28. Ke3 Nd6 29. Kd4 Nf5+ 30. Ke5 Nxh4 31. Kf6 Kc6 32. Kxf7 Kd5 33.
Kf6 Ke4 34. Kxe6 Nf3 35. Kf6 h4 36. Kxg6 Ke3 37. f5 h3 38. f6 h2 39. f7 Nh4+
40. Kf6 h1=Q 41. f8=Q Qc6+ 42. Kf7 Qg6+ 43. Ke7 Qxg5+ 44. Kd7 1/2-1/2

[Event "VII. Berecz memorial A 2019"]
[Site "?"]
[Date "2020.01.03"]
[Round "3.14"]
[White "Bacsi, Kristof"]
[Black "Bernath, Robert"]
[Result "1-0"]
[WhiteElo "1777"]
[BlackElo "2035"]
[PlyCount "79"]
[EventDate "2020.01.02"]

1. d4 Nf6 2. Nf3 g6 3. c4 Bg7 4. Nc3 d5 5. cxd5 Nxd5 6. e4 Nxc3 7. bxc3 c5 8.
Be3 Qa5 9. Qd2 Nc6 10. Rb1 a6 11. Rc1 cxd4 12. cxd4 Qxd2+ 13. Kxd2 Bg4 14. d5
Bxf3 15. gxf3 Nd4 16. f4 Rd8 17. Bg2 e6 18. e5 Nc6 19. Bb6 Rd7 20. d6 O-O 21.
Bxc6 bxc6 22. Rxc6 f6 23. Bd4 g5 24. Rg1 h6 25. exf6 Bxf6 26. Bxf6 Rxf6 27.
fxg5 Rxf2+ 28. Ke3 Rf5 29. gxh6+ Kh7 30. Rc7 Rxc7 31. dxc7 Rc5 32. Rg7+ Kxh6
33. Rd7 e5 34. Ke4 Kg5 35. h4+ Kxh4 36. Kf5 Kg3 37. Ke6 e4 38. Kd6 Rc1 39. Rd8
Rd1+ 40. Ke5 1-0

[Event "VII. Berecz memorial A 2019"]
[Site "?"]
[Date "2020.01.03"]
[Round "3.15"]
[White "Kapicakova, Lucia"]
[Black "Palotai, Bendeguz"]
[Result "0-1"]
[WhiteElo "1601"]
[BlackElo "2024"]
[PlyCount "128"]
[EventDate "2020.01.02"]

1. e4 e5 2. Nf3 Nc6 3. Bc4 Nf6 4. d3 h6 5. c3 d6 6. Nbd2 g5 7. Qe2 Bg7 8. Bb3
O-O 9. Nf1 Nd7 10. g4 Nc5 11. Ne3 Ne7 12. h4 Ng6 13. Nf5 Nxb3 14. axb3 Bxf5 15.
gxf5 Nf4 16. Bxf4 gxf4 17. Rg1 Kh7 18. O-O-O Rh8 19. h5 a5 20. Kc2 Qe8 21. Nh2
Bf6 22. Ng4 Bg5 23. Ra1 Qc6 24. Ra2 b5 25. Rga1 Qb6 26. Kd1 Ra7 27. Ke1 Rha8
28. Kf1 c6 29. Kg2 Ra6 30. Qd1 c5 31. c4 Bd8 32. Qc2 b4 33. Ra4 Qb7 34. Rh1 Qe7
35. f3 Bc7 36. Kf1 Rg8 37. Qh2 Raa8 38. Ke2 Rg5 39. Kf2 Rag8 40. Qh3 f6 41.
Raa1 Ra8 42. Ra4 Qf7 43. Rh2 Bd8 44. Rh1 Ra7 45. Ke2 Qe8 46. Kf2 Rag7 47. Rh2
Qg8 48. Rg2 Qf7 49. Rh2 d5 50. cxd5 Qa7 51. Ke2 Rd7 52. Qf1 Rd6 53. Qh3 Kg7 54.
Rh1 Qf7 55. Raa1 Ra6 56. Ra4 Ra8 57. Rh2 Qe8 58. Rh1 Bb6 59. Rh2 Rc8 60. Kf1 c4
61. dxc4 Rxc4 62. bxc4 Qxa4 63. Re2 Qd1+ 64. Kg2 Qg1# 0-1

[Event "VII. Berecz memorial A 2019"]
[Site "?"]
[Date "2020.01.03"]
[Round "3.16"]
[White "Bilku, Andras"]
[Black "Toth, Sandor Sr."]
[Result "1-0"]
[WhiteElo "1998"]
[BlackElo "1745"]
[PlyCount "41"]
[EventDate "2020.01.02"]

1. d4 d5 2. c4 e6 3. Nc3 Nf6 4. cxd5 exd5 5. Bg5 Be7 6. Qc2 O-O 7. e3 a6 8. Bd3
g6 9. Nf3 Be6 10. O-O Nbd7 11. Ne2 Nb6 12. Bh6 Re8 13. Nf4 Bd7 14. Nxg6 hxg6
15. Bxg6 Ne4 16. Bxf7+ Kxf7 17. Ne5+ Kg8 18. f3 Bf5 19. fxe4 Bxe4 20. Qf2 Rf8
21. Qg3+ 1-0

[Event "VII. Berecz memorial A 2019"]
[Site "?"]
[Date "2020.01.03"]
[Round "3.17"]
[White "Kardos, Levente"]
[Black "Helenyi, Zoltan"]
[Result "0-1"]
[WhiteElo "1699"]
[BlackElo "1991"]
[PlyCount "106"]
[EventDate "2020.01.02"]

1. d4 d5 2. c4 c6 3. Nf3 Nf6 4. e3 Bg4 5. Qb3 Qb6 6. Ne5 e6 7. Nxg4 Nxg4 8. Be2
Nf6 9. O-O dxc4 10. Bxc4 Bd6 11. Nc3 Nbd7 12. Rd1 Qc7 13. h3 Nb6 14. Be2 Rd8
15. e4 Bh2+ 16. Kh1 Bf4 17. e5 Nfd5 18. Nxd5 Nxd5 19. Bf3 Bxc1 20. Raxc1 O-O
21. Rd2 Rd7 22. Rcd1 Rfd8 23. Kg1 Ne7 24. Qc3 Qb6 25. Be4 g6 26. a3 Nd5 27.
Bxd5 Rxd5 28. Kf1 R8d7 29. Ke1 Kg7 30. f4 Rb5 31. b4 a5 32. Rb2 axb4 33. Rxb4
Rdd5 34. Rd2 Qa5 35. Rdb2 c5 36. dxc5 Rbxc5 37. Qe3 Rxe5 38. fxe5 Rxe5 39.
Qxe5+ Qxe5+ 40. Kf2 Qc5+ 41. Kf1 e5 42. R2b3 e4 43. Rb2 h5 44. a4 Kh6 45. Rxb7
Qc4+ 46. Kf2 Qxa4 47. R2b4 Qc2+ 48. Kg3 h4+ 49. Kh2 f5 50. Rb3 Qd2 51. Rb8 e3
52. R3b4 e2 53. R8b7 Qd6+ 0-1

[Event "VII. Berecz memorial A 2019"]
[Site "?"]
[Date "2020.01.03"]
[Round "3.18"]
[White "Kocsmar, Akos"]
[Black "Lakatos, Alfred"]
[Result "0-1"]
[WhiteElo "1941"]
[BlackElo "1573"]
[PlyCount "106"]
[EventDate "2020.01.02"]

1. d4 d5 2. c4 c6 3. Nf3 Bf5 4. Nc3 e6 5. e3 Nf6 6. Be2 Bb4 7. Qb3 Bxc3+ 8.
bxc3 Qb6 9. O-O O-O 10. Ba3 Re8 11. Bc5 Qxb3 12. axb3 Na6 13. Ba3 dxc4 14. Bxc4
b5 15. Be2 Nc7 16. Ne5 Ncd5 17. Rfc1 Ne4 18. Bb2 Nd2 19. Bd1 Rec8 20. Ra6 c5
21. Nc6 cxd4 22. cxd4 b4 23. f3 Bd3 24. Ra5 Rc7 25. Rxd5 exd5 26. Nxb4 Rxc1 27.
Bxc1 Nxb3 28. Bxb3 Rb8 29. Nxd3 Rxb3 30. Ne1 a5 31. Kf1 a4 32. f4 a3 33. Bxa3
Rxa3 34. Kf2 f5 35. Kf3 Kf7 36. Nc2 Rb3 37. Ne1 Kf6 38. g3 h6 39. h4 g6 40. Ke2
Rb2+ 41. Kf3 Rd2 42. Ng2 h5 43. Ne1 Ke6 44. Ng2 Kd6 45. Ne1 Kc6 46. Ng2 Kb5 47.
Ne1 Kc4 48. Ng2 Kc3 49. Ne1 Kb2 50. Ng2 Kc1 51. Ne1 Kd1 52. Ng2 Rxg2 53. Kxg2
Ke2 0-1

[Event "VII. Berecz memorial A 2019"]
[Site "?"]
[Date "2020.01.03"]
[Round "3.19"]
[White "Szilassi, Abel"]
[Black "Torok, Csaba"]
[Result "1/2-1/2"]
[WhiteElo "2021"]
[BlackElo "1719"]
[PlyCount "56"]
[EventDate "2020.01.02"]

1. e4 c5 2. Nf3 Nc6 3. d4 cxd4 4. Nxd4 e6 5. Nc3 Qc7 6. Bc4 a6 7. Bb3 b5 8. O-O
Bb7 9. Be3 Nf6 10. a3 Rc8 11. f4 Nxd4 12. Qxd4 Ng4 13. Kh1 Nxe3 14. Qxe3 Bc5
15. Qd3 O-O 16. Rad1 Rcd8 17. f5 Be7 18. Rfe1 Bf6 19. Qd6 Be5 20. Qxc7 Bxc7 21.
Re3 Be5 22. Kg1 Rfe8 23. fxe6 dxe6 24. Red3 Rxd3 25. cxd3 Rd8 26. Kf2 Kf8 27.
Ke3 Bd4+ 28. Ke2 Be5 1/2-1/2

[Event "VII. Berecz memorial A 2019"]
[Site "?"]
[Date "2020.01.03"]
[Round "3.20"]
[White "Megyaszai, Balazs"]
[Black "Arato, Daniel"]
[Result "1-0"]
[WhiteElo "1904"]
[BlackElo "1706"]
[PlyCount "69"]
[EventDate "2020.01.02"]

1. e4 c5 2. Nf3 e6 3. d4 cxd4 4. Nxd4 a6 5. Nc3 Qc7 6. Bd3 Nf6 7. O-O Bc5 8.
Be3 d6 9. Re1 Nbd7 10. Kh1 b5 11. a3 Bb7 12. f3 Ne5 13. Bf1 O-O 14. Nb3 Bxe3
15. Rxe3 Rfd8 16. Qe1 Qb6 17. Rb1 Rac8 18. Nc1 Nfd7 19. Bd3 Nc4 20. Bxc4 bxc4
21. Re2 Qa5 22. N1a2 Ne5 23. Nb4 Rb8 24. Rd2 Qc5 25. Qe2 a5 26. Nba2 Ba6 27.
Qe1 Rb7 28. Qd1 d5 29. exd5 Rbd7 30. Qe1 f6 31. Ne4 Qc7 32. dxe6 Rxd2 33. Nxd2
Re8 34. Nc3 Rxe6 35. f4 1-0

[Event "VII. Berecz memorial A 2019"]
[Site "?"]
[Date "2020.01.03"]
[Round "3.21"]
[White "Fekete, Agnes"]
[Black "Markus, Molli Amina"]
[Result "1/2-1/2"]
[WhiteElo "1891"]
[BlackElo "1669"]
[PlyCount "94"]
[EventDate "2020.01.02"]

1. d4 Nf6 2. Nf3 g6 3. Bg5 Bg7 4. e3 O-O 5. Be2 d6 6. O-O Ne4 7. Bh4 c5 8. c4
Nc6 9. Nbd2 Nxd2 10. Qxd2 Qc7 11. d5 Ne5 12. Nxe5 Bxe5 13. e4 a6 14. a3 Rb8 15.
Rac1 b5 16. b4 Qa7 17. bxc5 dxc5 18. Kh1 b4 19. axb4 cxb4 20. f4 Bd4 21. Qd3
Be3 22. Rb1 Re8 23. Rf3 Bd4 24. f5 Bg7 25. fxg6 fxg6 26. Bf2 Qb7 27. Bd4 Bxd4
28. Qxd4 Bg4 29. Rf2 Bxe2 30. Rxe2 a5 31. c5 Qb5 32. Rf2 Rf8 33. Kg1 Rxf2 34.
Qxf2 Rf8 35. Qd4 b3 36. d6 exd6 37. cxd6 Rd8 38. e5 Qc6 39. Qa7 a4 40. Rf1 Qd7
41. Qd4 Qc6 42. Qf2 Qd7 43. Qe2 Qc6 44. Qg4 Qc5+ 45. Kh1 Qxe5 46. Qxa4 Qxd6 47.
Qxb3+ Qd5 1/2-1/2

[Event "VII. Berecz memorial A 2019"]
[Site "?"]
[Date "2020.01.03"]
[Round "3.22"]
[White "Divald, Tamas"]
[Black "Nagy, Gabor"]
[Result "0-1"]
[WhiteElo "2087"]
[BlackElo "1854"]
[PlyCount "124"]
[EventDate "2020.01.02"]

1. e4 c5 2. Nf3 Nc6 3. d4 cxd4 4. Nxd4 g6 5. Be3 Bg7 6. Qd2 Nf6 7. f3 O-O 8. c4
e6 9. Nc3 d5 10. Nxc6 bxc6 11. cxd5 cxd5 12. Rd1 Bb7 13. Bc5 Re8 14. Bb5 Nd7
15. Bf2 a6 16. Ba4 Re7 17. O-O Nb6 18. Bh4 f6 19. Bb3 Rd7 20. Bf2 Kh8 21. Bxb6
Qxb6+ 22. Kh1 d4 23. Na4 Qd6 24. Rc1 Rc8 25. Rxc8+ Bxc8 26. Rc1 Rd8 27. Nc5 e5
28. Bd5 Qb6 29. Rc4 Bf8 30. Na4 Qb5 31. b3 Bd7 32. Nb2 Kg7 33. h3 Bd6 34. Nd3
Rc8 35. Qc2 Qb8 36. f4 exf4 37. Rxd4 Qb6 38. Qc3 Bb5 39. Bc4 Qc7 40. Qd2 Qb6
41. Qc3 Qc7 42. Qd2 Qb6 43. Nb2 Be5 44. Rd7+ Bxd7 45. Qxd7+ Kh8 46. Nd3 Qc7 47.
Qe6 Qd6 48. Qf7 Rf8 49. Qa7 Bd4 50. Qb7 a5 51. Qb5 Bc3 52. Nc5 Rb8 53. Nb7 Qd1+
54. Kh2 Be5 55. Be2 f3+ 56. Qxe5 fxe5 57. Bxd1 f2 58. Be2 Rxb7 59. g3 Rd7 60.
Kg2 Rd2 61. Kxf2 Rxa2 62. Kf3 Ra3 0-1

[Event "VII. Berecz memorial A 2019"]
[Site "?"]
[Date "2020.01.03"]
[Round "3.23"]
[White "Panda, Gyorgy"]
[Black "Retkes, Sandor"]
[Result "0-1"]
[WhiteElo "1790"]
[BlackElo "1925"]
[PlyCount "98"]
[EventDate "2020.01.02"]

1. d4 Nf6 2. c4 g6 3. Nc3 Bg7 4. e4 d6 5. Be2 O-O 6. Nf3 Na6 7. O-O c5 8. Be3
Ng4 9. Bg5 cxd4 10. Nxd4 Ne5 11. Rc1 Nc6 12. Nxc6 bxc6 13. a3 Nc7 14. b4 Ne6
15. Be3 Bb7 16. Bf3 h6 17. Qd2 Kh7 18. Rfd1 Qc7 19. Nd5 Qd8 20. Nf4 a5 21. b5
Nxf4 22. Bxf4 cxb5 23. cxb5 a4 24. Rc2 Qd7 25. Qe2 h5 26. e5 Bxf3 27. Qxf3 Qf5
28. Rdc1 dxe5 29. Be3 Qd3 30. b6 e4 31. Qf4 Rad8 32. g4 hxg4 33. Qxg4 Qxa3 34.
Qxe4 Qb3 35. Qh4+ Kg8 36. Qxe7 Rb8 37. Rc7 a3 38. Qe4 a2 39. Bd4 Rfe8 40. Qf4
Bxd4 41. Qxd4 Qxb6 42. Qc4 Qe6 43. Qa4 Ra8 44. Ra7 Rxa7 45. Qxa7 Qe1+ 46. Rxe1
Rxe1+ 47. Kg2 a1=Q 48. Qb8+ Kg7 49. Qf4 Rg1+ 0-1

[Event "VII. Berecz memorial A 2019"]
[Site "?"]
[Date "2020.01.03"]
[Round "3.24"]
[White "Szabo, Levente Jr."]
[Black "Pluhar, Andras"]
[Result "1/2-1/2"]
[WhiteElo "1784"]
[BlackElo "1878"]
[PlyCount "81"]
[EventDate "2020.01.02"]

1. d4 Nf6 2. Nf3 b6 3. c4 e6 4. e3 Bb4+ 5. Bd2 Be7 6. Qc2 Bb7 7. Be2 O-O 8. Nc3
c5 9. O-O Nc6 10. dxc5 bxc5 11. a3 d5 12. cxd5 exd5 13. Na4 Qd6 14. Rfd1 Rac8
15. Bd3 Ne5 16. Nxe5 Qxe5 17. Bf5 Rc7 18. Bc3 Qd6 19. Bxf6 Bxf6 20. Bxh7+ Kh8
21. Be4 Qe5 22. Bf3 Be7 23. Nc3 Rd8 24. Ne2 Bf6 25. Rab1 Bc8 26. Ng3 Bh4 27.
Qa4 Bf6 28. Rd2 g6 29. Rbd1 Be6 30. Ne4 Be7 31. Nc3 Rcd7 32. Bg4 f5 33. Bf3 Kg7
34. g3 Bf6 35. Ne2 Rb7 36. Nf4 Bf7 37. Qc6 Rc7 38. Qa4 Rcd7 39. Nd3 Qd6 40. Nf4
Qe5 41. Nd3 1/2-1/2

[Event "VII. Berecz memorial A 2019"]
[Site "?"]
[Date "2020.01.03"]
[Round "3.25"]
[White "Balog, Imre"]
[Black "Tornyai, Jeno"]
[Result "1/2-1/2"]
[WhiteElo "1854"]
[BlackElo "1781"]
[PlyCount "115"]
[EventDate "2020.01.02"]

1. d4 d5 2. Nf3 Nf6 3. g3 e6 4. Bg2 c5 5. c3 Nc6 6. O-O Bd6 7. Nbd2 b6 8. Re1
cxd4 9. Nxd4 Nxd4 10. cxd4 O-O 11. b3 Bb7 12. Bb2 Rc8 13. Rc1 Qe7 14. e4 Bb4
15. e5 Ne4 16. Bxe4 dxe4 17. Re3 Rxc1 18. Bxc1 f5 19. Nb1 b5 20. Bd2 Rd8 21.
Bc3 a6 22. Re2 Bc5 23. Rd2 Bb6 24. a3 a5 25. b4 a4 26. Bb2 Qd7 27. Qe2 Ba8 28.
h3 e3 29. Qxe3 Qd5 30. f3 Qxf3 31. Qxf3 Bxf3 32. Kf2 Bd5 33. Ke3 g5 34. Nc3 Bc4
35. Ne2 Rd5 36. Kf3 h5 37. Nc3 Rxd4 38. Rxd4 Bxd4 39. Nxa4 g4+ 40. hxg4 hxg4+
41. Kf4 Bf2 42. Nc3 Be2 43. Nb1 Bd3 44. Bc3 Bxg3+ 45. Kxg3 Bxb1 46. Kf4 Kf7 47.
Ke3 Ke7 48. Be1 Kd7 49. Bg3 Kc6 50. Kd4 Be4 51. Bf4 Bd5 52. Bg3 Bg2 53. Bf4 Bf1
54. Bg3 Kd7 55. Ke3 Ke7 56. Kf4 Kf7 57. Kg5 Ke7 58. Kf4 1/2-1/2